000 00348nam a2200145Ia 4500
008 230718s9999 xx 000 0 und d
041 _aEng.
082 _a220.92
_bRAS-W
100 _aRasool mahmood Khalid
245 0 _awalayat Uzma sy chairman
260 _aPakistan
_bJhamori Publishers
_c2011
300 _a134
650 _aLaw
999 _c31646
_d31646